Loading...
| History - Other | 0 | 6 | 0 | 2 | 60 | 42 | 92.00 | 1 | 2 | 0.00 | 0.00 |
| History - World | 0 | 3 | 0 | 2 | 30 | 121 | 132.67 | 0 | 0 | 0.00 | 0.00 |
| Mythology | 0 | 3 | 1 | 2 | 25 | 111 | 128.67 | 0 | 0 | 0.00 | 0.00 |
| Science - Other | 0 | 2 | 0 | 0 | 20 | 66 | 67.00 | 0 | 1 | 0.00 | 0.00 |
| Fine Arts - Other | 0 | 1 | 0 | 0 | 10 | 90 | 90.00 | 0 | 0 | 0.00 | 0.00 |
| History - American | 0 | 1 | 0 | 0 | 10 | 104 | 104.00 | 0 | 1 | 0.00 | 0.00 |
| Philosophy | 0 | 1 | 0 | 0 | 10 | 25 | 25.00 | 0 | 1 | 0.00 | 0.00 |
| Science - Physics | 0 | 1 | 0 | 0 | 10 | 89 | 89.00 | 0 | 0 | 0.00 | 0.00 |
| Religion | 0 | 1 | 1 | 1 | 5 | 148 | 148.00 | 0 | 0 | 0.00 | 0.00 |
| Literature - British | 0 | 1 | 1 | 1 | 5 | 134 | 134.00 | 0 | 0 | 0.00 | 0.00 |
| History - European | 0 | 1 | 2 | 0 | 0 | 101 | 101.00 | 0 | 0 | 0.00 | 0.00 |
| Fine Arts - Painting and Sculpture | 0 | 0 | 1 | 0 | -5 | 0.00 | 0 | 0 | 0.00 | 0.00 | |
| Literature - European | 0 | 0 | 1 | 0 | -5 | 0.00 | 0 | 0 | 0.00 | 0.00 |